000 00490nam a2200145Ia 4500
008 100122s9999 xx 000 0 und d
082 _b37522
_a823
100 _aबनहट्टी राजेंद्र
245 _aमरणानंतरचे मरण
260 _bविश्वमोहिनी प्रकाशन
_c1905
300 _a100
630 _aमरणानंतरचे मरण
730 _aमरणानंतरचे मरण
942 _cBOOK
999 _c419957
_d419954